000 010540000a22002890004500
001 20826
003 CO-MdFUSB
005 20180622170416.0
008 160922t2002 xxu||||f |||| 00| 0 eng d
020 _a0-268-04017-6
040 _aCO-MdFUSB
_bEspañol
_cCO-MdFUSB
_dCO-MdFUSB
041 _aeng
082 _224
_a270.1
_bR278r
100 1 _aBobertz, Charles A., (Editor)
_eEditor
245 1 0 _aReading in Christian communities
_b : Essays on interpretation in the early church
_c/ Edited by Charles A. Bobertz, David Brakkie
264 _aNotre Dame, Indiana :
_bUniversity of Notre Dame Press,
_c2002
300 _axi, 233 páginas
336 _2rdacontent
_a1
_ba1
337 _2rdamedia
_a2
_b5
338 _2rdacarrier
_a2
_b5
501 _aRústico
505 0 0 _aLa lectura en las comunidades cristianas: Ensayos sobre la interpretación en la iglesia primitiva - Lugares interpretativos - Ubicación de los intérpretes
653 _aApostolic Church
653 _aIglesia apostólica
942 _cBK
999 _c47177
_d47177